| 000 | 00952nas a2200313 4500 | ||
|---|---|---|---|
| 001 | BR0700013 | ||
| 003 | BR-BrBNA | ||
| 005 | 20231205110440.0 | ||
| 007 | ta | ||
| 008 | 230509b bl.|||p| |||| 00| 00por d | ||
| 040 |
_aBR-BrBNA _bpor _cBiblioteca Nacional de Agricultura |
||
| 041 | _a(Pt) | ||
| 072 | _aJ11 | ||
| 100 | 1 | _aBraz, R.F. | |
| 100 | 1 | _aGalvão, J.C.C. | |
| 100 | 1 | _aFinger, F.L. | |
| 100 | 1 | _aMiranda, G.V. | |
| 100 | 1 | _aPuiatti, M. | |
| 100 | 1 | _aAlmeida, A.A. de | |
| 245 | 1 | _aPerda de peso pós-colheita de espigas de milho-verde em função de diferentes formas de acondicionamento | |
| 650 | _aMILHO | ||
| 650 | _aPÓS-COLHEITA | ||
| 650 | _aPERDA PÓS-COLHEITA | ||
| 650 | _aTEMPERATURA | ||
| 650 | _aACONDICIONAMENTO | ||
| 773 | 0 |
_tRevista Brasileira de Milho e Sorgo (Brazil) _xISSN 1676-689X _g(Jan-Apr 2006), v. 5(1) p. 139-144 _wBR0700013 |
|
| 909 |
_a202311 _bLúcia _c55 _dLúcia Elande |
||
| 942 |
_2AGRIS _n0 _cANA |
||
| 999 |
_c187430 _d187430 |
||